Представление документа в формате MARC21

Поле Инд. ПП Название Значение
Тип записи a
Библиографический уровень m
001 Контрольный номер 61d3d25d730d499ca40b107fe4f526ba
005 Дата корректировки 20250430145759.0
080 a Индекс УДК 34
084 a Индекс другой классификации/Индекс ББК Х400.7
090 x Авторский знак С 23
a Полочн. индекс Х
097 b Оператор *Ж*
b Оператор *Вин*
245 10 a Заглавие Сборник муниципальных правовых актов Костомукшского городского округа
b Продолж. заглавия 19 апреля 2024 года
c Ответственность ответственные за выпуск Новик А.Е, Лаврентьева О.А.
n Номер части/ раздела № 13
260 a Место издания Костомукша
c Дата издания 2024
516 8_ a Прим. о типе комп. файла/ данных Текст : непосредственный
653 0_ a Ключевые слова Костомукшский городской округ
a Ключевые слова Законодательство
655 a Жанр/ форма (устаревшее) *Н*
901 t Тип документа m
905 b Дата создания записи обработка 18.02.25
952 e Факультет *ФУСК*
952 a Тип литературы для КСУ ВШ *Н*
990 f Даты поступлений (DOS) 03.10.24
g Размещение заказа (DOS) пожертвование православного Прихода Успенского
h N записи в КСУ для Б/У (DOS) 45/2024
j Количество экземпляров (DOS) 1